UBT Library

BAZAT E FARMAKOTERAPISË (Record no. 26121)

000 -LEADER
fixed length control field 00263nam a22001217a 4500
008 - FIXED-LENGTH DATA ELEMENTS--GENERAL INFORMATION
fixed length control field 170905b xxu||||| |||| 00| 0 eng d
041 ## - LANGUAGE CODE
Language code of text/sound track or separate title alb
080 ## - UNIVERSAL DECIMAL CLASSIFICATION NUMBER
Universal Decimal Classification number 615
100 ## - Rafti
Rafti 05
101 ## - Shkurtesa
Shkurtesa MK
245 ## - TITLE STATEMENT
Title BAZAT E FARMAKOTERAPISË
Statement of responsibility, etc ISLAMI,H.I
942 ## - ADDED ENTRY ELEMENTS (KOHA)
Source of classification or shelving scheme
Item type Books
Holdings
Withdrawn status Lost status Source of classification or shelving scheme Damaged status Not for loan Collection code Permanent location Current location Shelving location Date acquired Total Checkouts Full call number Barcode Date last seen Price effective from Koha item type
          Koleksioni i përgjithshem UBT - Lipjan UBT - Lipjan Koleksioni i përgjithshem 09/05/2017   615 ISL 002-2919991 09/05/2017 09/05/2017 Books
UBT Library © 2015-2024. All rights reserved University Education for Business and Technology